| 000 | 00899nam a2200265Ia 4500 | ||
|---|---|---|---|
| 001 | 113713 | ||
| 003 | DR-UNIBE | ||
| 005 | 20250530093922.0 | ||
| 008 | 250530b2023 sp ||||| |||| 00| 0 spa d | ||
| 020 | _a9788425234170 | ||
| 040 |
_aBIBLIOTECA UNIBE _cBIBLIOTECA UNIBE _erda |
||
| 041 | _aspa | ||
| 082 | _a153.35 C624c | ||
| 100 | 1 |
_aCleese, John _e autor _9195850 |
|
| 245 | 1 | 0 |
_aCreatividad : _buna guía breve y divertidad / _c John Cleese |
| 260 | 4 |
_aBarcelona : _bGustavo Gili Editorial, _c2023 |
|
| 300 | 4 | _a72 páginas | |
| 490 | _aColección salud mental | ||
| 500 | _aLa biblioteca dispone de la versión electrónica | ||
| 505 | _aIntroducción | La actitud creativa | Cerebro de liebre, mente de tortuga | ¿Qué puedo hacer? | | ||
| 650 | 7 |
_aCreatividad _2lemb _923993 |
|
| 700 | 1 |
_aPereira, Noelia _etraductor _9195851 |
|
| 942 |
_cBK _2ddc |
||
| 951 | _a20061022 10:18:00 | ||
| 999 |
_c113713 _d113713 |
||